Polski Rap/Hip-hop - Statystyki

Ogólne statystyki
  • Ten quiz został rozwiązany 6 377 razy
  • Średni wynik to 10 z 15
Statystyki odpowiedzi
Info Pseudonim % Poprawnych
Członek SBM, jego pies ma na imię Gustaw. Bedoes
95%
Członek duetu Taconafide, twórca pochodzący z Kairu. Taco
91%
Pochodzi z Ciechanowa, twórca posiada własną wytwórnię. Quebonafide
87%
Grupa muzyczna która w ostatnim czasie podbija internet, pieczę nad nią sprawuje Borixon. Chillwagon
85%
Youtuber który przestał grać w gry i został raperem. Young Multi
84%
Raper który we wcześniejszych latach był freestylowcem, znany z walki z "Babką". Filipek
71%
Wykonawca ten został wyśmiany z pracowania w sklepie z odzieżą. Reto
71%
Ghawsi Mosa, niemiecko-polski raper. Malik Montana
66%
Wydawca książki "Krime Story", aktualnie tworzy płytę wraz z Magierą. Kali
59%
Wojtek, twórca horrorcore'u. Współtwórca projektów takich jak Demonologia/WSRH. Słoń
57%
Twórca marki odzieżowej Ciemna Strefa, przedstawiciel nurtu ulicznego rapu. Bonus RPK
51%
Ten wykonawca "reprezentuje biedę" Peja
51%
Wykonawca należący do grupy Patokalipsa, jeden z twórców "płyty roku". Eripe
29%
Warszawski skład który wydał trylogię "JLB", główni twórcy zespołu to Wilku i Bilon. Hemp Gru
29%
Krakowska grupa tworząca uliczny rap, nazywana pięciogłowym smokiem. Firma
28%
Nie znaleziono quizów pasujących do podanych kryteriów
Rozkład punktacji
Procent ludzi z każdym wynikiem
Percentyl według liczby udzielonych odpowiedzi
Twoja historia wyników
Nie rozwiązałeś tego quizu